Twelve Bible Dialogues (Record no. 4451)

MARC details
000 -LEADER
fixed length control field 00461nam a22001817a 4500
003 - CONTROL NUMBER IDENTIFIER
control field GBCCL
005 - DATE AND TIME OF LATEST TRANSACTION
control field 20241126110518.0
008 - FIXED-LENGTH DATA ELEMENTS--GENERAL INFORMATION
fixed length control field 180122b xxu||||| |||| 00| 0 eng d
040 ## - CATALOGING SOURCE
Transcribing agency gbc
082 ## - DEWEY DECIMAL CLASSIFICATION NUMBER
Classification number 234
Item number TWE
245 ## - TITLE STATEMENT
Title Twelve Bible Dialogues
260 ## - PUBLICATION, DISTRIBUTION, ETC.
Place of publication, distribution, etc. Colorado:
Name of publisher, distributor, etc. Wilson Foundation,
Date of publication, distribution, etc. 1976
300 ## - PHYSICAL DESCRIPTION
Extent 139 p.;
Dimensions 16 cm.
650 ## - SUBJECT ADDED ENTRY--TOPICAL TERM
Topical term or geographic name entry element Salvation
9 (RLIN) 452
650 ## - SUBJECT ADDED ENTRY--TOPICAL TERM
Topical term or geographic name entry element Theology, Doctrinal
Form subdivision Popular works
9 (RLIN) 2476
650 ## - SUBJECT ADDED ENTRY--TOPICAL TERM
Topical term or geographic name entry element Bible
9 (RLIN) 5
942 ## - ADDED ENTRY ELEMENTS (KOHA)
Source of classification or shelving scheme Dewey Decimal Classification
Koha item type Books
Koha issues (borrowed), all copies 1
Holdings
Withdrawn status Lost status Source of classification or shelving scheme Damaged status Not for loan Home library Current Library Shelving location Date acquired Total checkouts Full call number Barcode Date last seen Date last checked out Copy number Price effective from Koha item type
    Dewey Decimal Classification     GRACE BIBLE COLLEGE GRACE BIBLE COLLEGE Theology 2018-01-22 1 234 TWE 005088 2025-05-01 2019-10-01 c.1 2018-01-22 Books
© Grace Bible College Library 2025